Companies by Nail Art Quiz Stats

 Plays Quiz Updated Feb 26, 2018

Also try: Fruits by Nail Art
Challenge
Share
Tweet
Score 0/16 Timer 04:00
7 Plays Today
% Correct
McDonald's
99.3%
Facebook
97.4%
KFC
97.2%
Starbucks
96.1%
Playboy
94.3%
Crayola
94.1%
Apple Inc.
94%
Taco Bell
92.6%
% Correct
PlayStation
90.3%
Audi
84.5%
Adidas
83.9%
Chanel
82.7%
Converse
77.7%
Guinness
66.5%
Louis Vuitton
65.7%
Subaru
51.9%

You're not logged in!

Compare scores with friends on all Sporcle quizzes.
OR
Log In

You Might Also Like...

Show Comments

Extras

Top Quizzes Today


Score Distribution

Your Account Isn't Verified!

In order to create a playlist on Sporcle, you need to verify the email address you used during registration. Go to your Sporcle Settings to finish the process.

Report this User

Report this user for behavior that violates our Community Guidelines.

Details: